000 01861nam a2200265Ia 4500
999 _c54467
_d54467
001 21529
003 GE_BSU
005 20210329153217.0
008 181216s2017||||ge |||||||||||||| ||geo||
040 _cGE_BSU
041 _ageo
080 _a57 ბ-83
100 _aბოლქვაძე, ბულბული
_910793
245 _aცენტრალური და სამხრეთ კოლხეთის ზღვისპირა დაბლობის დიუნებისა და მტკნარწყლიანი ტბორების მცენარეულობა, კონსერვაცია და გონივრული გამოყენება /
_cბულბული ბოლქვაძე; სამეცნ. ხელმძღვანელი ჰიუსტენი, ჰანს, მაჭუტაძე, იზოლდა.
264 _aბათუმი
_c2017
300 _a164 გვ. ;
_bილ.,
_c30 სმ.
504 _aბიბლ. გვ. 118-126
653 _aბიოლოგია
653 _aდისერტაცია
653 _aბიომრავალფეროვნება
653 _aცენტრალური და სამხრეთ კოლხეთის ზღვისპირა დაბლობის დიუნებისა და მტკნარწყლიანი ტბორების მცენარეულობა, კონსერვაცია და გონივრული გამოყენება
700 _aჰიუსტენი, ჰანს
_eსამეცნ. ხელმძღვანელი
_910794
700 _aმაჭუტაძე, იზოლდა
_eსამეცნ. ხელმძღვანელი
_910071
942 _cBK
_2udc